000 00671nam a2200193 a 4500
001 000020764
005 20200930011146.0
008 100813s2016 dr 000 0 ita d
020 _a9789945452853
040 _aDO-SdBNP
_bspa
_cBNPHU
082 _axxx
_bxxx
100 1 _aPeña, Víctor Manuel
_910371
245 1 0 _aHistoria de la ciencia económica /
_cVíctor Manuel Peña.
260 _aSanto Domingo :
_bEditoria Nuevo Diario,
_c2016.
300 _a262 p. ;
_c24 cm.
500 _aIncluye datos biográficos del autor en la solapa de la cubierta
500 _aIncluye notas al pie de las páginas
590 _aLa biblioteca posee un ej. autográfiado por el autor
999 _c20268
_d20268